One Piece Groups of Things 1-20 (Egghead) - Statistics

General Stats
  • This quiz has been taken 2,570 times
  • The average score is 122 of 211
Answer Stats
Hint Extra Hint Answer % Correct
1 Giant Whale at the Grand Line entry Laboon
95%
4 Corrida Colosseum Block Winners (Dressrosa) Lucy (Luffy)
90%
11 Supernovas (Super Rookies) Monkey D Luffy
87%
Monkey D. Luffy
87%
3 Types of Haki Observation Haki
84%
Chief of Staff | Flame-Flame fruit Sabo
84%
Flame-Flame fruit (deceased) | Whitebeard 2nd Division Ace
82%
Marshall D. Teach
82%
3,996,000,000 Marshall D. Teach (Blackbeard)
82%
Portgas D. Ace
82%
Roronoa Zoro
82%
Trafalgar D. Water Law
82%
1,965,000,000 | Sand-Sand fruit Crocodile
81%
Eustass Kid
81%
3 Types of Haki Armament Haki
80%
13 Known Will of D. Members (Carriers of the D. Initial) | 20 Known Characters with a bounty over 1 Billion berries (Dead or Alive) Gol D. Roger
80%
Monkey D. Dragon
80%
Assassin (Leader) | Gear Third Rob Lucci
80%
10th Ship | Ice-Ice fruit Kuzan
79%
14 Logia Devil Fruit Users Smoke-Smoke fruit Smoker
79%
1,032,000,000 | Straw Hat Monster Trio Vinsmoke Sanji
79%
3 Types of Haki Conquerors Haki
78%
15 Yonko Commander Trio's 1,374,000,000 | Whitebeard 1st Division Marco
77%
Magma-Magma fruit Sakazuki
77%
5,046,000,000 Edward Newgate (Whitebeard)
76%
Fishmen/Merfolk
76%
1,320,000,000 | Straw Hat Monster Trio Jinbe
76%
5 Gorosei (Five Elder Stars) Science and Defense Saint Jaygarcia Saturn
75%
4 Corrida Colosseum Block Winners (Dressrosa) Bartolomeo
74%
1,057,000,000 | Sweet Commander Charlotte Katakuri
74%
4,611,100,000 | Gear Fifth Kaido
74%
Katakuri
74%
4,388,000,000 Charlotte Linlin (Big Mom)
73%
8 Types of Races (Character races most important to the story) Humans
73%
Monkey D. Garp
73%
Roger Pirates Right Hand Silvers Rayleigh
73%
Buggy
72%
Jewelry Bonney
72%
1,390,000,000 | All-Star King
71%
Assassin Kaku
70%
Glint-Glint fruit Borsalino
69%
Gas-Gas fruit Caesar Clown
69%
Gear Fourth Doflamingo
69%
Rumble-Rumble fruit Enel
69%
Portgas D. Rouge
69%
Alabasta
68%
19 Pirate Crews by ship (end answer with Pirates) Going Merry/Thousand Sunny Straw Hat Pirates
68%
Basile Hawkins
67%
Marineford
67%
1,320,000,000 | All-Star Queen
67%
X Drake
67%
10 Titanic Captains (Blackbeard Commanders) | 4 Corrida Colosseum Block Winners (Dressrosa) Jesus Burgess
66%
5 Environment Saint Marcus Mars
66%
Former Army Commander Bartholomew Kuma
65%
Capone Bege
65%
Killer
65%
Sabaody Archipelago
65%
4,048,900,000 Shanks
65%
Water 7
65%
Arlong
64%
Assassin | Gear Second Blueno
64%
5 Agriculture Saint Shepherd Ju Peter
64%
Scratchmen Apoo
64%
Skypiea
64%
Thriller Bark
64%
Enies Lobby
63%
Roger Pirates Member/Whitebeard 2nd Division (Deceased) Kozuki Oden
63%
Sweet Commander Charlotte Cracker
62%
Giants
62%
Impel Down
62%
All-Star Jack
62%
Moriah
62%
Oars
62%
Assassin Kalifa
61%
9 Red Scabbards (Akazaya Nine) Kin'emon
61%
Snow-Snow fruit (deceased) Monet
61%
4 Corrida Colosseum Block Winners (Dressrosa) Rebecca
61%
Roger Pirates Left Hand Scopper Gaban
61%
12 Known CP9 Members Chief Spandam
61%
Urouge
61%
Moby Dick Whitebeard Pirates
61%
18 Main villains Luffy defeated Alvida
60%
3,590,000,000 Dracule Mihawk
60%
2 Bounty hunters that befriended Zoro Johnny
60%
7 Straw Hat Grand Fleet Captains Cavendish
59%
Drum Island
59%
Little Garden
59%
Nefertari D. Lili
59%
Sweet Commander Charlotte Smoothie
58%
Don Krieg
58%
Army Commander - G Army Emporio Ivankov
58%
Rocks D. Xebec
58%
Amazon Lily
57%
Jaya
57%
Kuro
57%
Swamp-Swamp fruit Caribou
55%
Morgan
55%
Nefertari D. Vivi
55%
Oro Jackson Roger Pirates
55%
5 Finance Saint Ethanbaron V. Nusjuro
55%
Woods-Woods fruit Aramaki
54%
Queen Mama Chanter Big Mom Pirates
54%
Leo
54%
Long Ring Long Land
54%
17 arcs between start of the Grand Line and start of the New World First arc after Loguetown Reverse Mountain
53%
Polar Tang Heart Pirates
52%
Whitebeard 3th Division Jozu
52%
6 Dr. Vegapunk Satellites Lilith
52%
Sexy Foxy Foxy Pirates
51%
High Ranking Officer Koala
51%
2nd Ship Shiryu
51%
6th Ship Catarina Devon
50%
Hajrudin
50%
Nefertari D. Cobra
50%
Post-Enies Lobby
50%
Last arc before timeskip Post-War
50%
Whiskey Peak
50%
9th Ship Doc Q
49%
Kanjuro
49%
Lunarians
49%
Bellamy
48%
Jaguar D. Saul
48%
Minks
48%
Former Assassin (Kaido subordinate) Who's-Who
48%
2 Bounty hunters that befriended Zoro Yosaku
48%
6 Dr. Vegapunk Satellites York
47%
Assassin Jabra
46%
5th Ship Laffitte
46%
5 Justice Saint Topman Warcury
46%
3th Ship Van Augur
46%
Raizo
45%
Red Force Red Hair Pirates
45%
6 Dr. Vegapunk Satellites Shaka
45%
Wapol
45%
Nekomamushi
44%
Sai
44%
6 Dr. Vegapunk Satellites Edison
43%
Inuarashi
43%
Kikunojo
43%
6 Dr. Vegapunk Satellites Atlas
42%
4th Ship Avalo Pizarro
42%
Denjiro
42%
Deputy Commander - G Army Inazuma
42%
Army Commander - North | Soot-Soot fruit Karasu
42%
7th Ship Sanjuan Wolf
42%
Going Luffy-senpai Barto Club/Bartolomeo Pirates
41%
Saber of Xebec Blackbeard Pirates
41%
1,659,000,000 Boa Hancock
41%
Hody Jones
41%
8th Ship Vasco Shot
41%
6 Dr. Vegapunk Satellites Pythagoras
40%
Ashura Doji
39%
Combat Instructor Hack
39%
Kawamatsu
38%
Victoria Punk Kid Pirates
38%
Jewelry Margherita Bonney Pirates
37%
Army Commander - East Belo Betty
36%
Ideo
36%
Pet/Weapon Funkfreed
34%
Orlumbus
34%
Army Commander - West Morley
31%
Former Army Commander (Deceased) Ginny
30%
Buccaneers
28%
Assassin Kumadori
28%
Pet/Companion Hattori
27%
Sky Island Residents
27%
Assassin Fukurou
25%
Army Commander - South Lindbergh
25%
Thriller Bark Thriller Bark Pirates
25%
Assassin Nero
22%
Perfume Yuda Kuja Pirates
20%
Dwarves
19%
Miss Love Duck Alvida Pirates
18%
Big Top Buggy Pirates
18%
Nostra Castello Fire Tank Pirates
17%
Shark Superb Arlong Pirates
12%
Flying Dutchman Flying Pirates
9%
Bezan Black Black Cat Pirates
8%
Deputy Commander - East Ahiru
5%
Deputy Commander - South Gambo
4%
Deputy Commander - North Jiron
4%
Deputy Commander - West Ushiano
4%
No matching quizzes found
Score Distribution
Percent of People with Each Score
Percentile by Number Answered
Your Score History
You have not taken this quiz